000 00482cam a2200193ua 4500
020 _c9.00
041 _aeng
_h
082 _a370.15
_bCOL/ED
100 _aCole , E Lawrence .
245 _aEducational psychology /
_cLawrence E Cole.
_hTextual Documents
250 _a1 /
_b.
260 _aBombay :
_bThe times of India press ,
_c1966.
300 _a701 ; .
365 _a9.00
504 _a
700 1 _aBruce , William F .
942 _cBK
999 _c12161
_d12161